|
|
|
|
| LEADER |
01100nam a2200253 a 4500 |
| 001 |
010067914 |
| 008 |
110526r19771975enk 001 p eng c |
| 020 |
|
|
|a 9780571109074
|
| 020 |
|
|
|a 0571109071
|
| 020 |
|
|
|a 0571109063
|
| 040 |
|
|
|a Uk
|c Uk
|d BD-DhAAL
|
| 082 |
0 |
4 |
|a 811/.52
|2 19
|
| 100 |
1 |
|
|a Pound, Ezra,
|d 1885-1972.
|
| 245 |
1 |
0 |
|a Selected poems, 1908-1959 /
|c Ezra Pound.
|
| 260 |
|
|
|a London :
|b Faber and faber,
|c 1975 [Reprinted 1977]
|
| 300 |
|
|
|c 20cm.
|
| 500 |
|
|
|a Includes index.
|
| 541 |
|
|
|e 00022804
|
| 653 |
|
|
|a Poetry in English
|a American writers
|a 1900-1945
|a Texts
|
| 650 |
0 |
|
|a American poetry.
|
| 852 |
4 |
|
|a Ayesha Abed Library
|j General shelf
|
| 999 |
|
|
|c 10912
|d 10912
|
| 952 |
|
|
|0 0
|1 4
|2 ddc
|4 0
|6 811_520000000000000_POU
|7 0
|9 16810
|a BRACUL
|b BRACUL
|c GEN
|d 2011-05-25
|e Karim International
|g 1050.00
|l 3
|m 21
|o 811.52 POU
|p 3010022804
|r 2016-08-10
|s 2016-07-26
|t 1
|w 2011-05-30
|y BK
|x Koha Inventory 2020
|
| 952 |
|
|
|0 0
|1 0
|2 ddc
|4 0
|6 811_520000000000000_POU
|7 0
|9 16813
|a BRACUL
|b BRACUL
|c GEN
|d 2011-05-25
|e Karim International
|g 1050.00
|l 5
|m 30
|o 811.52 POU
|p 3010022805
|r 2026-03-08
|s 2025-09-24
|t 2
|w 2011-05-30
|y BK
|